000
00328nam a22001457a 4500
003
OSt
005
20220124110040.0
008
220124b |||||||| |||| 00| 0 eng d
020
_a
8174090355
040
_c
HU
082
_2
2ed
_a
620.11
100
_a
Mubeen &Mubeen
_9
28420
245
_a
Material Science
942
_2
ddc
_c
BOOKS
_n
0
999
_c
27605
_d
27605